<?xml version="1.0" encoding="UTF-8"?>
<record
    xmlns:xsi="http://www.w3.org/2001/XMLSchema-instance"
    xsi:schemaLocation="http://www.loc.gov/MARC21/slim http://www.loc.gov/standards/marcxml/schema/MARC21slim.xsd"
    xmlns="http://www.loc.gov/MARC21/slim">

  <leader>01370nam a22001457a 4500</leader>
  <datafield tag="999" ind1=" " ind2=" ">
    <subfield code="c">525261</subfield>
    <subfield code="d">525261</subfield>
  </datafield>
  <controlfield tag="008">240220b           ||||| |||| 00| 0 eng d</controlfield>
  <datafield tag="100" ind1=" " ind2=" ">
    <subfield code="a">Eli, S.J., Logan, T.D. and Miloucheva, B.</subfield>
    <subfield code="9">49994</subfield>
  </datafield>
  <datafield tag="245" ind1=" " ind2=" ">
    <subfield code="a">The enduring effects of racial discrimination on income and health</subfield>
  </datafield>
  <datafield tag="260" ind1=" " ind2=" ">
    <subfield code="a">Journal of Economic Literature </subfield>
  </datafield>
  <datafield tag="300" ind1=" " ind2=" ">
    <subfield code="a">61(3), Sep, 2023: p. 924-940</subfield>
  </datafield>
  <datafield tag="520" ind1=" " ind2=" ">
    <subfield code="a">We investigate the effect of income on the long-standing racial mortality gap in the United States by using evidence from White and Black Civil War veterans who went on to receive postwar pensions. To circumvent endogeneity, we propose an exogenous source of variation in pension income: the judgment of the doctors who certified disability. We find large effects of pension income on longevity; large enough to close the Black&#x2013;White mortality gap, in principle. However, because physicians discriminated against Blacks when evaluating the existence and severity of disabilities, Blacks received reduced pension benefits that failed to eliminate racial mortality gaps in practice. Our findings shed light on the role of beliefs about race, as opposed to racial animus, in contributing to racial differentials in well-being.- Reproduced 

https://www.aeaweb.org/articles?id=10.1257/jel.20221706
</subfield>
  </datafield>
  <datafield tag="773" ind1=" " ind2=" ">
    <subfield code="a">Journal of Economic Literature </subfield>
  </datafield>
  <datafield tag="906" ind1=" " ind2=" ">
    <subfield code="a">RACE DISCRIMINATION</subfield>
  </datafield>
  <datafield tag="942" ind1=" " ind2=" ">
    <subfield code="c">AR</subfield>
  </datafield>
  <datafield tag="952" ind1=" " ind2=" ">
    <subfield code="0">0</subfield>
    <subfield code="1">0</subfield>
    <subfield code="2">ddc</subfield>
    <subfield code="4">0</subfield>
    <subfield code="7">0</subfield>
    <subfield code="9">400318</subfield>
    <subfield code="a">IIPA</subfield>
    <subfield code="b">IIPA</subfield>
    <subfield code="d">2024-02-20</subfield>
    <subfield code="h">61(3), Sep, 2023: p. 924-940</subfield>
    <subfield code="p">AR131069</subfield>
    <subfield code="r">2024-02-20</subfield>
    <subfield code="y">AR</subfield>
  </datafield>
</record>
